Residential lightning remote control system (Record no. 74616)
[ view plain ]
| 000 -LEADER | |
|---|---|
| fixed length control field | 03186nam a22003017i 4500 |
| 003 - CONTROL NUMBER IDENTIFIER | |
| control field | URS |
| 003 - CONTROL NUMBER IDENTIFIER | |
| control field | URS |
| 005 - DATE AND TIME OF LATEST TRANSACTION | |
| control field | 20240416181556.0 |
| 008 - FIXED-LENGTH DATA ELEMENTS--GENERAL INFORMATION | |
| fixed length control field | 170524b xxu||||| |||| 00| 0 eng d |
| 040 ## - CATALOGING SOURCE | |
| Original cataloging agency | URS |
| Language of cataloging | eng |
| Description conventions | rda |
| 041 ## - LANGUAGE CODE | |
| Language code of text/sound track or separate title | eng |
| 050 00 - LIBRARY OF CONGRESS CALL NUMBER | |
| Classification number | TH7975 |
| Item number | .R312 2015 |
| 245 ## - TITLE STATEMENT | |
| Title | Residential lightning remote control system |
| Statement of responsibility, etc. | Jefferson A. Broncano... [et. al] |
| 260 ## - PUBLICATION, DISTRIBUTION, ETC. | |
| Date of publication, distribution, etc. | 2015 |
| 300 ## - PHYSICAL DESCRIPTION | |
| Extent | 63 leaves : |
| Other physical details | colour illustrations ; |
| Dimensions | 28 cm. |
| 336 ## - CONTENT TYPE | |
| Source | rda content |
| Content type term | text |
| 337 ## - MEDIA TYPE | |
| Source | rda media |
| Media type term | unmediated |
| 338 ## - CARRIER TYPE | |
| Source | rda carrier |
| Carrier type term | volume |
| 502 ## - DISSERTATION NOTE | |
| Degree type | Thesis (Bachelor of Technology major in Electrical Technology) -- University of Rizal System-Morong. |
| 520 ## - SUMMARY, ETC. | |
| Summary, etc. | EXECUTIVE SUMMARY: This study aimed to contribute in the development of science and technology particularly in the area of electrical technology. This developed and evaluated device is entitled Residential Lightning Remote Control System which can be used as an alternative switch to control electrical loads from a distance without any wires. This study utilized the developmental and descriptive methods of research. The developmental research is a research method based on the systematic development of an existing project, while descriptive method rely technically on the observation of facts and data gathered. There were two groups of respondents who served as evaluators to label the device's acceptability. They are the technology experts and end-users. Based on the treatment of data gathered on the developed Residential Lightning Remote Control System, it was designed and constructed utilizing cheap and locally available materials. The respondents evaluated that the device is extremely accepted in terms of its design, usability, functionality, safety and maintenance. As to the significant difference between the evaluations conducted on the acceptability of Residential Lightning Remote Control Systems in terms of the variables mentioned, the study simply presents that there is no significant difference between the evaluations conducted by the two sets of evaluators. Relative to this, it was concluded that the device produces its desired output in terms of the design and functionality of parts. It is also carried out the expenses performance in terms of its usefulness and safety and maintenance. Based on the result of the study, it is recommended that further study on the test of efficiency of the device be conducted. Other researchers may conduct further study to improve the device, enhance the design for better performance and effectiveness. Further study can be done for the improvement of the device in the near future to improve its function and performance. Parallel study using GSM as device to control the function of light and other features can be added for expanding the range of the distance and angle on the accessibility of the device. |
| 650 ## - SUBJECT ADDED ENTRY--TOPICAL TERM | |
| Topical term or geographic name entry element | Dwellings -- Lightning. |
| 700 1# - ADDED ENTRY--PERSONAL NAME | |
| Personal name | Tica, Jan Riel J. |
| Relator term | author |
| 700 1# - ADDED ENTRY--PERSONAL NAME | |
| Personal name | Gamase, Carlo L. |
| Relator term | author |
| 700 1# - ADDED ENTRY--PERSONAL NAME | |
| Personal name | Reblando, Cesar O. |
| Relator term | author |
| 700 1# - ADDED ENTRY--PERSONAL NAME | |
| Personal name | Valdez, Bonjay O. |
| Relator term | author |
| 856 ## - ELECTRONIC LOCATION AND ACCESS | |
| Materials specified | Online Request for Student Unpublished Works |
| Uniform Resource Identifier | <a href="https://forms.gle/7LqvGGkaDrUQqz429">https://forms.gle/7LqvGGkaDrUQqz429</a> |
| 942 ## - ADDED ENTRY ELEMENTS (KOHA) | |
| Source of classification or shelving scheme | Library of Congress Classification |
| Koha item type | Theses and dissertations |
No items available.